| 000 | 00465nam a2200193Ia 4500 | ||
|---|---|---|---|
| 005 | 20240823040649.0 | ||
| 008 | 240823s9999||||xx |||||||||||||| ||und|| | ||
| 041 | _aENGLISH | ||
| 082 | _A005.73 L6 | ||
| 100 | _aEllis Horowitz | ||
| 245 | 0 | _aFundamentals of Data Structures | |
| 250 | _a1st | ||
| 260 |
_c1976 _bGalgotia Books |
||
| 500 | _aYES | ||
| 650 |
_aData Structures _bComputer Science |
||
| 700 | _a Sartaj Sahni. | ||
| 942 | _cBK | ||
| 999 |
_c203657 _d203657 |
||